Țările Europei - Statistics

General Stats
  • This quiz has been taken 1 204 times
    131 since last reset
  • The average score is 36 of 45
Answers on the Map
Answers color-coded by a green-red scale on the quiz's map according to % correct below.
 
Answer Stats
Ţară % Correct
Franța
95%
România
93%
Spania
93%
Germania
92%
Italia
92%
Ucraina
92%
Polonia
90%
Portugalia
90%
Bulgaria
88%
Irlanda
88%
Moldova
88%
Rusia
88%
Belgia
86%
Grecia
86%
Slovacia
86%
Ungaria
86%
Elveția
85%
Slovenia
85%
Norvegia
83%
Suedia
83%
Belarus
81%
Croația
81%
Estonia
81%
Islanda
81%
Lituania
81%
Austria
80%
Letonia
80%
Cehia
78%
Finlanda
78%
Regatul Unit
78%
Serbia
78%
Andorra
76%
Danemarca
75%
Luxemburg
75%
Albania
73%
Vatican
73%
Macedonia de Nord
71%
Olanda
71%
San Marino
71%
Bosnia și Herțegovina
66%
Monaco
64%
Malta
63%
Muntenegru
63%
Kosovo
59%
Liechtenstein
44%
No matching quizzes found
Score Distribution
Percent of People with Each Score
Percentile by Number Answered
Your Score History
You have not taken this quiz since the last reset